000 00673nam 22001933 4500
001 199324
090 _a199324
100 _a20251202d u||y0pory50 ba
200 _aAlucinogénios e cultura
_fPeter T. Furst
_gtradução Manuel Bárcia
210 _a[S.l.]
_cUlisseia
_dcop. 1976
215 _a270, [2] p.
_cbrochado
_d19 cm
225 _aBiblioteca Ulisseia do conhecimento actual
_h18
606 _92051
_aAntropologia Cultural. Etnologia. Etnografia. Usos e Costumes. Tradições. Modo de vida. Folclore
675 _a39
_vPT
_zpor
700 _915218
_aFurst
_bPeter T.
_f1922-2015
702 _915219
_aBárcia
_bManuel
801 _aPT
_bBMMN
_gRPC
830 _cVanda
990 _cLIVROS